Statistics for US States without Capital Punishment

Click here to take the quiz!

General Stats

  • This quiz has been taken 147 times
  • The average score is 14 of 17

Answer Stats

Year AbolishedState% Correct
2007New York
95%
1887Maine
91%
1964Vermont
91%
1957Alaska
89%
1957Hawaii
87%
1846Michigan
84%
1984Rhode Island
82%
2012Connecticut
81%
2011Illinois
81%
1853Wisconsin
79%
2007New Jersey
78%
1973North Dakota
78%
1965Iowa
77%
1911Minnesota
77%
1984Massachusetts
76%
2009New Mexico
75%
1965West Virginia
72%

Score Distribution

Percentile by Number Answered

Percent of People with Each Score

Your Score History

You have not taken this quiz